[Event "17. OIBM Bad Wiessee"]
[Site "Bad Wiessee"]
[Date "2013.10.27"]
[Round "3.34"]
[White "Rosen, Bernd"]
[Black "Förster, Sören"]
[Result "1-0"]
[WhiteElo "2341"]
[BlackElo "2119"]
[PlyCount "58"]
[EventDate "2013.??.??"]
[WhiteTeam "SF Katernberg 1913 e.V"]

1. Nf3 Nf6 2. c4 c5 3. g3 Nc6 4. Bg2 d5 5. cxd5 Nxd5 6. Nc3 Nc7 7. O-O e5 8. a3
Be7 9. b4 a6 10. bxc5 Bxc5 11. Na4 Ba7 12. Bb2 f6 13. Rc1 Ne6 14. Ne1 Bd7 15.
Nd3 O-O 16. Nac5 Bxc5 17. Nxc5 Nxc5 18. Rxc5 Qb6 19. Qc2 Rac8 20. Ba1 Ne7 21.
Rc3 Rxc3 22. Bxc3 Bf5 23. Qa2+ Be6 24. Qb1 Qxb1 25. Rxb1 b5 26. Bb4 Re8 27. Rc1
Bd5 28. Bh3 Nc6 29. Bd7 Nd4 1-0

[Event "17. OIBM Bad Wiessee"]
[Site "Bad Wiessee"]
[Date "2013.10.27"]
[Round "3.36"]
[White "Scheckenbach, Franz"]
[Black "Tan, Justin"]
[Result "0-1"]
[WhiteElo "2161"]
[BlackElo "2333"]
[PlyCount "128"]
[EventDate "2013.??.??"]
[WhiteTeam "SC Gröbenzell"]

1. e4 e6 2. d4 d5 3. Nc3 Nf6 4. Bg5 Bb4 5. e5 h6 6. Be3 Ne4 7. Qg4 g6 8. Bd3
Nxc3 9. Bd2 Nxa2 10. Rxa2 Bxd2+ 11. Kxd2 c5 12. dxc5 Qc7 13. Nf3 Qxc5 14. Nd4
Bd7 15. Qf4 Nc6 16. Nxc6 Bxc6 17. b4 Qb6 18. b5 Bd7 19. Qf6 Rf8 20. h4 Qd4 21.
Rb1 Rc8 22. Rb3 Qb6 23. Ra4 Rc5 24. Rab4 Qd8 25. Qxd8+ Kxd8 26. Ra3 Kc7 27.
Rxa7 Kb6 28. Ra2 f6 29. exf6 e5 30. f3 Rxf6 31. Ra8 g5 32. hxg5 hxg5 33. Rg8 g4
34. Rg7 Bc8 35. Rg5 d4 36. Ke2 gxf3+ 37. gxf3 Be6 38. Be4 Bd7 39. Rg7 Rxb5 40.
Rxd7 Rxb4 41. Rxb7+ Kc5 42. Rc7+ Kd6 43. Rc6+ Ke7 44. Rc7+ Kf8 45. Rc8+ Kg7 46.
Rc5 Re6 47. Bd5 Re7 48. c3 dxc3 49. Rxc3 Rd7 50. Be4 Rb5 51. Ke3 Rb6 52. Rc5
Kf6 53. Rc3 Kg5 54. Rc8 Rb3+ 55. Ke2 Rg7 56. Rf8 Kh4 57. Bd3 Rg5 58. Rh8+ Kg3
59. Rf8 Kg2 60. Be4 Kg1 61. Bd3 e4 62. Bxe4 Rg2+ 63. Ke1 Re3+ 64. Kd1 Kf1 0-1

[Event "17. OIBM Bad Wiessee"]
[Site "Bad Wiessee"]
[Date "2013.10.27"]
[Round "3.38"]
[White "Walter, Thomas"]
[Black "Giemsa, Stephan"]
[Result "0-1"]
[WhiteElo "2082"]
[BlackElo "2321"]
[PlyCount "52"]
[EventDate "2013.??.??"]
[WhiteTeam "SC Erlangen 48/88 e.V."]
[BlackTeam "SK König Tegel 1949 e.V."]

1. e4 e6 2. d4 d5 3. Nc3 Nf6 4. Bg5 Bb4 5. e5 h6 6. Bc1 Ne4 7. Qg4 g6 8. Bd3
Nxc3 9. a3 Ba5 10. Bd2 Na4 11. Bxa5 Nxb2 12. Bb5+ Bd7 13. Be2 Nc4 14. Bxc4 dxc4
15. h4 Bc6 16. Nf3 Bd5 17. Bd2 Nc6 18. Rb1 b6 19. Rh3 Qd7 20. a4 a5 21. Ng1 Ne7
22. Ra3 Bc6 23. Qe2 Qxd4 24. Nf3 Qg4 25. Rc3 Qxg2 26. Qf1 Bxf3 0-1

[Event "17. OIBM Bad Wiessee"]
[Site "Bad Wiessee"]
[Date "2013.10.27"]
[Round "3.39"]
[White "Hecht, Carsten"]
[Black "Maier, Alexander"]
[Result "1/2-1/2"]
[WhiteElo "2078"]
[BlackElo "2311"]
[PlyCount "48"]
[EventDate "2013.??.??"]
[WhiteTeam "SK Blauer Springer Paderborn 192"]
[BlackTeam "SK Ingolstadt"]

1. e4 Nc6 2. d4 d5 3. e5 f6 4. Nf3 Bg4 5. Bb5 fxe5 6. dxe5 e6 7. O-O Bc5 8.
Nbd2 Nge7 9. h3 Bh5 10. Nb3 Bb6 11. Qd3 O-O 12. Ng5 Bg6 13. Qc3 Qc8 14. Nc5 Bf5
15. Bd3 d4 16. Bxf5 Rxf5 17. Qc4 Bxc5 18. Qxc5 Rxe5 19. Qc4 h6 20. Nf3 Rd5 21.
Re1 Qd7 22. Bf4 Rf8 23. Bh2 Nf5 24. Rad1 Rf7 1/2-1/2

[Event "17. OIBM Bad Wiessee"]
[Site "Bad Wiessee"]
[Date "2013.10.27"]
[Round "3.40"]
[White "Zach, Andreas"]
[Black "Höller, Armin"]
[Result "1-0"]
[WhiteElo "2307"]
[BlackElo "2068"]
[PlyCount "119"]
[EventDate "2013.??.??"]
[WhiteTeam "SC Gröbenzell"]
[BlackTeam "SK Bad Aibling"]

1. d4 f5 2. Bf4 Nf6 3. e3 e6 4. Nf3 d5 5. Be2 Be7 6. Nbd2 O-O 7. h3 b6 8. Ne5
Bb7 9. O-O Nbd7 10. Ndf3 Nxe5 11. Nxe5 c5 12. c3 Nd7 13. Bb5 Nxe5 14. Bxe5 Bd6
15. f4 a6 16. Bd3 Bc6 17. Qe2 c4 18. Bc2 b5 19. g4 Bxe5 20. fxe5 g6 21. Kh2 Kh8
22. Rf4 Ra7 23. Rg1 a5 24. gxf5 exf5 25. Qf2 Rg7 26. Qg3 Qe7 27. h4 h5 28. Qf2
Rfg8 29. Rg5 Qf7 30. Rf3 Qe7 31. Rfg3 Bd7 32. Qg2 Qf7 33. Rf3 Qe6 34. Bd1 Qf7
35. Kg3 Qe6 36. Kf4 Qf7 37. Rfg3 Be6 38. Bf3 Kh7 39. Qe2 Kh8 40. Qd1 Rh7 41.
Rg2 Bd7 42. b3 Be8 43. bxc4 bxc4 44. Qb1 Qe6 45. Qb2 Qc6 46. Qa3 a4 47. Rb2 Rb7
48. Rb4 Kh7 49. Qb2 Rgg7 50. a3 Rxb4 51. Qxb4 Rb7 52. Qf8 Rf7 53. Qd6 Rb7 54.
Qf8 Rf7 55. Qd6 Qxd6 56. exd6 Rb7 57. Bxd5 Rb3 58. Bxc4 Rxc3 59. Bf7 Bd7 60.
Bxg6+ 1-0

[Event "17. OIBM Bad Wiessee"]
[Site "Bad Wiessee"]
[Date "2013.10.27"]
[Round "3.42"]
[White "Bücker, Stefan"]
[Black "Dietzsch, Herbert"]
[Result "1-0"]
[WhiteElo "2301"]
[BlackElo "2048"]
[PlyCount "89"]
[EventDate "2013.??.??"]
[WhiteTeam "SC Pforzheim 1906"]
[BlackTeam "SC Pirmasens 1912"]

1. e4 c5 2. a4 Nc6 3. Bb5 d6 4. f4 Bd7 5. Nf3 a6 6. Bxc6 Bxc6 7. Qe2 e6 8. O-O
Be7 9. c4 Nf6 10. Nc3 d5 11. cxd5 exd5 12. e5 Ne4 13. d3 Nxc3 14. bxc3 d4 15.
c4 Qd7 16. a5 O-O-O 17. f5 Rde8 18. e6 fxe6 19. Ne5 Qc7 20. Nf7 Rhf8 21. fxe6
Bd6 22. Nxd6+ Qxd6 23. Rxf8 Rxf8 24. Bg5 Rf5 25. e7 Rxg5 26. e8=Q+ Bxe8 27.
Qxe8+ Qd8 28. Qe4 Qd6 29. Qxh7 Qg6 30. Qh3+ Qf5 31. Qh8+ Kd7 32. Rf1 Qe6 33.
Qf8 Kc6 34. Qf3+ Kc7 35. h4 Re5 36. Qg3 Kc6 37. Kh2 Re3 38. Qxg7 Qd6+ 39. Kg1
Re7 40. Qf6 Re6 41. Qf3+ Kc7 42. Rb1 Qc6 43. Qf7+ Kd8 44. Rb6 Re1+ 45. Kf2 1-0

[Event "17. OIBM Bad Wiessee"]
[Site "Bad Wiessee"]
[Date "2013.10.27"]
[Round "3.44"]
[White "Romanov, Evgeny"]
[Black "Oberhofer, Cédric"]
[Result "1-0"]
[WhiteElo "2654"]
[BlackElo "1911"]
[PlyCount "91"]
[EventDate "2013.??.??"]
[WhiteTeam "SF Katernberg 1913 e.V"]
[BlackTeam "SC Bavaria Regensb.1881"]

1. c4 Nf6 2. Nc3 c5 3. Nf3 Nc6 4. d4 cxd4 5. Nxd4 g6 6. e4 d6 7. Be2 Bg7 8. Be3
O-O 9. O-O Bd7 10. Nb3 b6 11. Rc1 Rc8 12. f3 Ne5 13. Nd5 Nxd5 14. cxd5 Rxc1 15.
Qxc1 Qc8 16. Nd4 Qb7 17. Qd2 Rc8 18. b3 Kh8 19. f4 Ng4 20. Bxg4 Bxg4 21. f5
gxf5 22. h3 Bh5 23. exf5 Qxd5 24. g4 Rg8 25. Nf3 Qxd2 26. Bxd2 Bb2 27. Kf2 Bxg4
28. hxg4 Rxg4 29. Bg5 Re4 30. Rb1 Ba3 31. f6 Bc5+ 32. Kg3 exf6 33. Bxf6+ Kg8
34. Ng5 Re3+ 35. Kf4 Re2 36. Ne4 a5 37. a4 Rg2 38. Rd1 Rg6 39. Kf5 Rg2 40. Nxd6
Rf2+ 41. Ke5 h6 42. Ne4 Rf3 43. Rd8+ Kh7 44. Rh8+ Kg6 45. Rg8+ Kh5 46. Ng3+ 1-0

[Event "17. OIBM Bad Wiessee"]
[Site "Bad Wiessee"]
[Date "2013.10.27"]
[Round "3.45"]
[White "Heimerdinger, Joerg"]
[Black "Nyzhnyk, Illya"]
[Result "0-1"]
[WhiteElo "2150"]
[BlackElo "2625"]
[PlyCount "54"]
[EventDate "2013.??.??"]
[WhiteTeam "TSV Bindlach Aktionär-Schachabte"]
[BlackTeam "SG Porz e.V."]

1. e4 c5 2. Nf3 d6 3. c3 Nf6 4. Be2 g6 5. O-O Bg7 6. Re1 O-O 7. Bf1 Bg4 8. h3
Bxf3 9. Qxf3 Nc6 10. Na3 Nd7 11. d3 Rb8 12. Bg5 b5 13. Rac1 b4 14. Nc4 Nde5 15.
Qg3 Nxc4 16. dxc4 bxc3 17. bxc3 Rb2 18. Re2 Rxe2 19. Bxe2 h6 20. Be3 Qa5 21. f4
Bxc3 22. f5 Bd2 23. fxg6 Qa3 24. gxf7+ Kh7 25. Qg8+ Rxg8 26. fxg8=Q+ Kxg8 27.
Bxd2 Qxa2 0-1

[Event "17. OIBM Bad Wiessee"]
[Site "Bad Wiessee"]
[Date "2013.10.27"]
[Round "3.48"]
[White "Partenheimer, Axel"]
[Black "Morawietz, Dieter"]
[Result "0-1"]
[WhiteElo "2136"]
[BlackElo "2392"]
[PlyCount "125"]
[EventDate "2013.??.??"]
[WhiteTeam "Düsseldorfer SK 14/25 e."]
[BlackTeam "Klub Kölner SF e.V. 1"]

1. Nf3 Nf6 2. c4 g6 3. b3 Bg7 4. Bb2 O-O 5. g3 c5 6. Bg2 Nc6 7. O-O d6 8. Nc3
Bf5 9. d3 Qd7 10. Qd2 e5 11. Ne1 Rae8 12. Nd5 Nxd5 13. Bxd5 Bh3 14. Bg2 Bxg2
15. Nxg2 Qh3 16. f4 f5 17. e3 Bf6 18. a3 g5 19. Qf2 exf4 20. gxf4 Bxb2 21. Qxb2
gxf4 22. Nxf4 Qxe3+ 23. Kh1 Qe5 24. Qf2 Kh8 25. Rae1 Qd4 26. Rxe8 Rxe8 27. Qh4
Rg8 28. Qh6 Ne7 29. Qe6 Qe5 30. Qf7 Rg7 31. Qe8+ Ng8 32. Qxe5 dxe5 33. Ne6 Re7
34. Nxc5 Nh6 35. h3 Kg7 36. Kg2 b6 37. Na6 Kf6 38. Nb4 Rg7+ 39. Kf2 Ke6 40. Nd5
Nf7 41. Rg1 Rxg1 42. Kxg1 Ng5 43. Kg2 e4 44. d4 Nf3 45. Nf4+ Kd6 46. Ne2 Nd2
47. Kg3 Nxb3 48. Kf4 Nd2 49. Kxf5 Nxc4 50. Nc3 e3 51. a4 Nb2 52. Ke4 Nxa4 53.
Ne2 b5 54. Kxe3 a5 55. Kd3 Nb6 56. Nc3 b4 57. Ne4+ Kc6 58. h4 a4 59. h5 h6 60.
Ng3 a3 61. Kc2 a2 62. Kb2 b3 63. Ne2 0-1

[Event "17. OIBM Bad Wiessee"]
[Site "Bad Wiessee"]
[Date "2013.10.27"]
[Round "3.49"]
[White "Lampert, Jonas"]
[Black "Behling, Robert"]
[Result "1-0"]
[WhiteElo "2376"]
[BlackElo "2124"]
[PlyCount "65"]
[EventDate "2013.??.??"]
[WhiteTeam "HSK von 1830 eV"]
[BlackTeam "SK Caissa Augsburg"]

1. e4 c6 2. d4 d5 3. Nc3 dxe4 4. Nxe4 Bf5 5. Ng3 Bg6 6. h4 h6 7. Nf3 Nd7 8. h5
Bh7 9. Bd3 Bxd3 10. Qxd3 e6 11. Bd2 Ngf6 12. O-O-O Be7 13. Kb1 O-O 14. Ne4 Nxe4
15. Qxe4 Nf6 16. Qd3 Qd5 17. Ne5 Rad8 18. Be3 Bd6 19. c4 Qe4 20. f3 Qxd3+ 21.
Nxd3 a5 22. g4 b5 23. g5 hxg5 24. Bxg5 Rc8 25. Rdg1 Be7 26. Bh6 Kh7 27. Bxg7
Rfd8 28. Ne5 Ne8 29. h6 f6 30. Ng6 Rd7 31. Bf8 Bd8 32. Nf4 Rxd4 33. Rg7+ 1-0

[Event "17. OIBM Bad Wiessee"]
[Site "Bad Wiessee"]
[Date "2013.10.27"]
[Round "3.50"]
[White "König, Christian"]
[Black "Braun, Christian"]
[Result "1/2-1/2"]
[WhiteElo "2123"]
[BlackElo "2367"]
[PlyCount "67"]
[EventDate "2013.??.??"]
[WhiteTeam "SF Lohmar 1974 e.V."]
[BlackTeam "DJK Aufwärts St. Josef Aachen 19"]

1. e4 e6 2. d4 d5 3. Nc3 Nf6 4. e5 Nfd7 5. f4 c5 6. Nf3 Nc6 7. Be3 a6 8. Qd2 b5
9. dxc5 Bxc5 10. Bxc5 Nxc5 11. Qf2 Qb6 12. Bd3 b4 13. Ne2 a5 14. O-O Ba6 15.
Kh1 Ne7 16. Rad1 Na4 17. Qxb6 Nxb6 18. b3 Nf5 19. Rd2 Bxd3 20. cxd3 Ke7 21.
Ned4 Nxd4 22. Nxd4 Rhc8 23. f5 Nd7 24. fxe6 fxe6 25. Nf3 Rc3 26. d4 Rac8 27.
Kg1 Rc2 28. Rfd1 Nb6 29. Ne1 Rxd2 30. Rxd2 Rc1 31. Kf2 Ra1 32. Nd3 Na8 33. Rc2
Nb6 34. Ke3 1/2-1/2

[Event "17. OIBM Bad Wiessee"]
[Site "Bad Wiessee"]
[Date "2013.10.28"]
[Round "4.2"]
[White "Berchtenbreiter, Max"]
[Black "Nisipeanu, Liviu-Dieter"]
[Result "0-1"]
[WhiteElo "2405"]
[BlackElo "2674"]
[PlyCount "96"]
[EventDate "2013.??.??"]
[WhiteTeam "SG Pang-Rosenheim 1910 e.V."]
[BlackTeam "OSG Baden-Baden"]

1. e4 d5 2. exd5 Qxd5 3. Nc3 Qa5 4. Rb1 c6 5. b4 Qd8 6. g3 Nf6 7. Bg2 g6 8.
Nge2 Bg7 9. O-O O-O 10. b5 cxb5 11. Rxb5 Nc6 12. d4 Ne8 13. Ba3 Nd6 14. Rd5 Na5
15. Bxd6 exd6 16. Ne4 Nc4 17. Qd3 Qc7 18. Qc3 Bg4 19. Nf4 Rac8 20. Rb5 Kh8 21.
Rb4 a5 22. Rbb1 Bd7 23. Nd5 Qd8 24. Rfe1 b5 25. Qd3 b4 26. c3 Be6 27. Nf4 Bf5
28. Bh3 Bxh3 29. Nxh3 d5 30. Neg5 h6 31. Nf3 g5 32. Qf5 Qf6 33. Qxf6 Bxf6 34.
cxb4 g4 35. Nf4 gxf3 36. Nxd5 Bxd4 37. bxa5 Rc5 38. Nb6 Nxb6 39. axb6 Rc2 40.
Rf1 Rb8 41. Rb3 Rxb6 42. Rxf3 Rf6 43. Rxf6 Bxf6 44. a4 Bd4 45. Kg2 Kg7 46. a5
Ra2 47. a6 Ba7 48. Kf3 Rxa6 0-1

[Event "17. OIBM Bad Wiessee"]
[Site "Bad Wiessee"]
[Date "2013.10.28"]
[Round "4.4"]
[White "Rozentalis, Eduardas"]
[Black "Schramm, Christian"]
[Result "1-0"]
[WhiteElo "2616"]
[BlackElo "2396"]
[PlyCount "51"]
[EventDate "2013.??.??"]
[BlackTeam "SC 1959 Obernau"]

1. e4 c5 2. Nf3 g6 3. c3 d5 4. exd5 Qxd5 5. d4 Bg7 6. c4 Qe4+ 7. Be3 cxd4 8.
Nxd4 Nh6 9. Nc3 Qe5 10. Be2 O-O 11. O-O Nc6 12. Nf3 Qa5 13. Nd5 Bg4 14. b4 Qd8
15. b5 Na5 16. Rc1 e6 17. Nb4 Qxd1 18. Rfxd1 Rfc8 19. c5 Nf5 20. Bd2 Bxf3 21.
Bxf3 Nd4 22. Nd3 Nxf3+ 23. gxf3 b6 24. c6 Rd8 25. Bxa5 bxa5 26. Nc5 1-0

[Event "17. OIBM Bad Wiessee"]
[Site "Bad Wiessee"]
[Date "2013.10.28"]
[Round "4.5"]
[White "Rambaldi, Francesco"]
[Black "Graf, Alexander"]
[Result "1/2-1/2"]
[WhiteElo "2361"]
[BlackElo "2607"]
[PlyCount "258"]
[EventDate "2013.??.??"]
[BlackTeam "USV Volksbank Halle"]

1. e4 g6 2. d4 Bg7 3. c4 d6 4. Nc3 Nf6 5. Nge2 a6 6. Ng3 O-O 7. Be2 c5 8. d5 b5
9. cxb5 axb5 10. Bxb5 Ba6 11. Bxa6 Nxa6 12. O-O Qa5 13. Qe2 Nc7 14. Bd2 Rfb8
15. Rfb1 Nd7 16. Nf1 Ne5 17. Ne3 Qa6 18. Qxa6 Rxa6 19. Kf1 e6 20. dxe6 fxe6 21.
b3 d5 22. exd5 exd5 23. Rd1 d4 24. Ncd5 dxe3 25. Nxc7 Ra7 26. Bxe3 Rxc7 27.
Rac1 Rbc8 28. h3 Kf7 29. Rd5 Nd7 30. a4 Bb2 31. Rc2 Ba3 32. Rd1 Nf6 33. Rc4 Rb7
34. Rd3 Rd7 35. Ke2 Bb4 36. Rxd7+ Nxd7 37. Rc2 Ne5 38. Bd2 Nc6 39. Bc3 Rd8 40.
Rc1 Nd4+ 41. Bxd4 Rxd4 42. Rd1 Rxd1 43. Kxd1 Ke6 44. Ke2 Kd5 45. Ke3 h5 46. g4
hxg4 47. hxg4 Ba3 48. f4 Bc1+ 49. Kf3 Bd2 50. f5 g5 51. Ke2 Ba5 52. Kd3 Bd8 53.
Ke3 Ke5 54. Kd3 Kf4 55. Kc4 Kxg4 56. f6 Bxf6 57. a5 Bd8 58. a6 Bb6 59. Kb5 Ba7
60. Kc6 Kf4 61. Kb7 c4 62. bxc4 Be3 63. Kc6 g4 64. c5 g3 65. a7 g2 66. a8=Q
g1=Q 67. Qf8+ Ke4 68. Qd6 Qg8 69. Kb7 Bf4 70. Qc6+ Ke3 71. Ka6 Qf7 72. Kb6 Bb8
73. Qh6+ Kd3 74. Qh3+ Kc4 75. Qg4+ Kc3 76. Qh3+ Kb4 77. Qh4+ Bf4 78. Qe1+ Kc4
79. Qe4+ Kc3 80. Qf3+ Kd4 81. Qd1+ Ke5 82. Qe1+ Kf5 83. Qb1+ Kg5 84. Qg1+ Kf6
85. Qd4+ Kg6 86. Qe4+ Kg5 87. Qg2+ Kf5 88. Qc2+ Kf6 89. Qc3+ Kg5 90. Qd4 Qe6+
91. Kb7 Kg6 92. Qxf4 Qb3+ 93. Kc7 Qa3 94. c6 Qa5+ 95. Kd7 Qb5 96. Qd6+ Kg7 97.
Kd8 Kf7 98. Qe7+ Kg8 99. Qe8+ Kg7 100. c7 Qb6 101. Qe5+ Kf7 102. Kd7 Qa7 103.
Qd5+ Kg7 104. Kc8 Qb6 105. Qb7 Qd4 106. Qc6 Qb4 107. Qd7+ Kf6 108. Qe8 Kg7 109.
Kd8 Qa5 110. Qe7+ Kg8 111. Qe6+ Kg7 112. Qd6 Kf7 113. Qf4+ Ke6 114. Qh6+ Kf7
115. Qh7+ Kf8 116. Qh8+ Kf7 117. Qe8+ Kg7 118. Qc6 Kf7 119. Kc8 Ke7 120. Qd7+
Kf8 121. Qd6+ Kf7 122. Kb7 Qb5+ 123. Qb6 Qd5+ 124. Ka7 Qa2+ 125. Kb8 Qh2 126.
Qd4 Ke7 127. Qg7+ Ke8 128. Kb7 Qh1+ 129. Ka7 Qb7+ 1/2-1/2

[Event "17. OIBM Bad Wiessee"]
[Site "Bad Wiessee"]
[Date "2013.10.28"]
[Round "4.7"]
[White "Rosen, Bernd"]
[Black "Gupta, Abhijeet"]
[Result "0-1"]
[WhiteElo "2341"]
[BlackElo "2593"]
[PlyCount "96"]
[EventDate "2013.??.??"]
[WhiteTeam "SF Katernberg 1913 e.V"]

1. c4 Nf6 2. g3 c6 3. Bg2 d5 4. Nf3 dxc4 5. O-O Nbd7 6. Na3 Nb6 7. Qc2 Be6 8.
Ng5 Bg4 9. Nxc4 Nxc4 10. Qxc4 e6 11. b4 Be7 12. b5 O-O 13. bxc6 bxc6 14. Nf3
Qd5 15. Qc2 Rac8 16. d3 Qh5 17. Rb1 Bh3 18. Bxh3 Qxh3 19. Rb7 Bd6 20. Rxa7 Ng4
21. Ba3 Bxa3 22. Rxa3 f5 23. Ra7 Kh8 24. Qc4 Rce8 25. Rb1 e5 26. Rbb7 Rg8 27.
Qc3 h6 28. Qa1 Re6 29. Qf1 Qh5 30. h3 Nf6 31. Ra5 Nd5 32. Kg2 e4 33. Nd4 Rg6
34. Kh2 exd3 35. exd3 f4 36. g4 Rxg4 37. Nxc6 Rg5 38. Rxd5 Rxd5 39. Ne7 Qf7 40.
Qb1 Rg5 41. Qb4 f3 42. Qe4 Rg2+ 43. Kh1 Qf6 44. d4 Qd6 45. Qe5 Qxe5 46. dxe5
Rd8 47. Rb1 Rxf2 48. e6 Rdd2 0-1

[Event "17. OIBM Bad Wiessee"]
[Site "Bad Wiessee"]
[Date "2013.10.28"]
[Round "4.8"]
[White "Danin, Alexander"]
[Black "Klundt, Klaus"]
[Result "1-0"]
[WhiteElo "2589"]
[BlackElo "2340"]
[PlyCount "69"]
[EventDate "2013.??.??"]
[WhiteTeam "Bochumer SV 02"]
[BlackTeam "SC Heusenstamm"]

1. e4 c5 2. Nf3 Nc6 3. d4 cxd4 4. Nxd4 Nf6 5. Nc3 e5 6. Ndb5 d6 7. Bg5 a6 8.
Na3 b5 9. Nd5 Be7 10. Bxf6 Bxf6 11. c4 b4 12. Nc2 O-O 13. g3 Bg5 14. Bg2 Be6
15. O-O Rb8 16. Qd3 a5 17. h4 Bh6 18. Rad1 Qd7 19. b3 Rfd8 20. Qe2 Qa7 21. Rd3
Ne7 22. Nxe7+ Qxe7 23. Rfd1 g6 24. Kh2 Bf8 25. Bh3 Qa7 26. Ne3 a4 27. Kg2 axb3
28. axb3 Ra8 29. Bxe6 fxe6 30. h5 Qf7 31. c5 d5 32. exd5 exd5 33. Nxd5 Bxc5 34.
Rf3 Qg7 35. h6 1-0

[Event "17. OIBM Bad Wiessee"]
[Site "Bad Wiessee"]
[Date "2013.10.28"]
[Round "4.9"]
[White "Tan, Justin"]
[Black "Kempinski, Robert"]
[Result "0-1"]
[WhiteElo "2333"]
[BlackElo "2585"]
[PlyCount "58"]
[EventDate "2013.??.??"]
[BlackTeam "Hamburger SK von 1830 eV"]

1. e4 c5 2. Nf3 d6 3. d4 cxd4 4. Nxd4 Nf6 5. Nc3 a6 6. Be3 e6 7. g4 h6 8. f4 e5
9. Nf5 Nc6 10. Bg2 g6 11. g5 hxg5 12. fxg5 gxf5 13. exf5 Nh5 14. Qg4 Nf4 15.
Bxf4 exf4 16. O-O-O Bg7 17. Rhe1+ Kf8 18. Bxc6 bxc6 19. Qxf4 Bxc3 20. Rxd6 Qa5
21. bxc3 Bxf5 22. Rf6 Qa3+ 23. Kb1 Bxc2+ 24. Kxc2 Rxh2+ 25. Kd3 Rd8+ 26. Ke4
Rh4 27. Rxf7+ Kg8 28. Qxh4 Qa4+ 29. Kf5 Qxh4 0-1

[Event "17. OIBM Bad Wiessee"]
[Site "Bad Wiessee"]
[Date "2013.10.28"]
[Round "4.10"]
[White "Krämer, Martin"]
[Black "Zach, Andreas"]
[Result "1-0"]
[WhiteElo "2546"]
[BlackElo "2307"]
[PlyCount "95"]
[EventDate "2013.??.??"]
[WhiteTeam "Sfrd. Berlin 1903 e.V."]
[BlackTeam "SC Gröbenzell"]

1. e4 e6 2. d4 d5 3. Nc3 Nf6 4. Bg5 Bb4 5. e5 h6 6. Bh4 g5 7. Bg3 Ne4 8. Nge2
c5 9. a3 Nxc3 10. Nxc3 Bxc3+ 11. bxc3 Qa5 12. Qd2 Nc6 13. dxc5 Bd7 14. c4 dxc4
15. Qxa5 Nxa5 16. h4 O-O-O 17. O-O-O Bc6 18. Rxd8+ Rxd8 19. f3 Rd5 20. hxg5
hxg5 21. Rh7 Rxc5 22. Rxf7 Bd5 23. Bf2 Rb5 24. Bd4 Nc6 25. Bc3 Rc5 26. Rg7 a5
27. Rxg5 b5 28. Be1 b4 29. Bf2 Rb5 30. a4 Rb7 31. Rg8+ Kd7 32. Rg7+ Kc8 33.
Rg8+ Kd7 34. Rg7+ Kc8 35. Rxb7 Kxb7 36. f4 Ne7 37. g4 Bf3 38. Bh3 Nd5 39. f5
Nf4 40. f6 Kc6 41. Bf1 Kd5 42. f7 Ng6 43. g5 Bh5 44. Bg2+ Kxe5 45. Bc5 Kf4 46.
Bf1 Kxg5 47. Be7+ Kh6 48. f8=Q+ 1-0

[Event "17. OIBM Bad Wiessee"]
[Site "Bad Wiessee"]
[Date "2013.10.28"]
[Round "4.11"]
[White "Giemsa, Stephan"]
[Black "Eingorn, Vereslav S"]
[Result "0-1"]
[WhiteElo "2321"]
[BlackElo "2548"]
[PlyCount "103"]
[EventDate "2013.??.??"]
[WhiteTeam "SK König Tegel 1949 e.V."]

1. d4 Nf6 2. c4 e6 3. g3 Bb4+ 4. Bd2 Qe7 5. Nf3 Bxd2+ 6. Qxd2 Nc6 7. Nc3 d5 8.
cxd5 exd5 9. Bg2 O-O 10. O-O Bg4 11. Qf4 Rfe8 12. Rfe1 Rad8 13. Nb5 Rd7 14.
Rac1 Bxf3 15. Bxf3 Qb4 16. Nc3 Qxd4 17. Red1 Qxf4 18. gxf4 Ne7 19. e4 dxe4 20.
Nxe4 Rxd1+ 21. Rxd1 Nxe4 22. Bxe4 Ng6 23. Bxb7 Nxf4 24. Bc6 Rb8 25. b4 Ne6 26.
b5 Rd8 27. Rc1 Rd2 28. a4 g6 29. f3 Nf4 30. Re1 Rg2+ 31. Kf1 Ra2 32. Re7 Rxa4
33. Rxc7 Kf8 34. Rc8+ Ke7 35. Rc7+ Kf8 36. Rc8+ Kg7 37. Ra8 Ra5 38. Kf2 Kf6 39.
Ke3 Ke5 40. Rf8 Ra3+ 41. Kd2 f5 42. h4 Kd4 43. Rd8+ Kc4 44. Rd7 Ra2+ 45. Ke1 h5
46. Kf1 Kc5 47. Rd8 Kc4 48. Be8 Kc5 49. Rc8+ Kd4 50. Bf7 Rb2 51. Rc7 Ke3 52.
Re7+ 0-1

[Event "17. OIBM Bad Wiessee"]
[Site "Bad Wiessee"]
[Date "2013.10.28"]
[Round "4.12"]
[White "Hilverda, Alexander"]
[Black "Bluebaum, Matthias"]
[Result "0-1"]
[WhiteElo "2303"]
[BlackElo "2510"]
[PlyCount "94"]
[EventDate "2013.??.??"]
[WhiteTeam "SC Erlangen 48/88 e.V."]
[BlackTeam "SAbt SV Werder Bremen"]

1. d4 d5 2. c4 c6 3. Nf3 Nf6 4. Nc3 dxc4 5. a4 Bf5 6. Ne5 Na6 7. e3 Nb4 8. Bxc4
e6 9. O-O Bd6 10. Qe2 h6 11. e4 Bh7 12. Nd3 Nxd3 13. Bxd3 O-O 14. Rd1 e5 15.
dxe5 Bxe5 16. g3 Qe7 17. f3 Bd4+ 18. Be3 Rfd8 19. Qf2 Bxe3 20. Qxe3 Qb4 21. Bf1
Bg6 22. Rd2 Rxd2 23. Qxd2 Nd7 24. Rd1 Nc5 25. Qd4 a5 26. Bc4 Kh7 27. b3 Nxb3
28. Bxb3 Qxb3 29. Rb1 Qc2 30. Rxb7 c5 31. Qe5 Rd8 32. Nd5 Qxa4 33. g4 Re8 34.
Qc3 Qd1+ 35. Kf2 Qh1 36. Kg3 Qg1+ 37. Kh3 h5 38. Ne3 Qf2 39. Nd5 hxg4+ 40. Kxg4
Qg2+ 41. Kf4 Qxh2+ 42. Ke3 a4 43. Ra7 Qg1+ 44. Kd2 Rb8 45. Rxa4 Rb1 46. Ne3 Re1
47. Qxc5 Qf2+ 0-1

[Event "17. OIBM Bad Wiessee"]
[Site "Bad Wiessee"]
[Date "2013.10.28"]
[Round "4.13"]
[White "Pap, Misa"]
[Black "Bücker, Stefan"]
[Result "1-0"]
[WhiteElo "2484"]
[BlackElo "2301"]
[PlyCount "91"]
[EventDate "2013.??.??"]
[WhiteTeam "Sfr. Korbach"]
[BlackTeam "SC Pforzheim 1906"]

1. e4 b6 2. d4 Bb7 3. Bd3 Nf6 4. Nd2 e6 5. Ngf3 c5 6. c3 Nc6 7. a3 cxd4 8. cxd4
d6 9. O-O Be7 10. Qe2 e5 11. dxe5 dxe5 12. b4 O-O 13. Bb2 Nd4 14. Nxd4 exd4 15.
Nb3 a5 16. bxa5 bxa5 17. Nxd4 g6 18. Rfe1 Nh5 19. Nf5 $1 Bg5 20. g3 Re8 21.
Rad1 Qb6 22. Bd4 Qe6 23. Bc4 Ba6 24. Qg4 Bxc4 25. Qxg5 f6 26. Nh6+ Kg7 27. g4
Rad8 28. Bc3 Rxd1 29. Rxd1 Kf8 30. Qe3 Bb3 31. Rd4 Ng7 32. Bxa5 Rc8 33. Bb4+
Ke8 34. Rd6 Qc4 35. Rxf6 Qc1+ 36. Qxc1 Rxc1+ 37. Kg2 Ne6 38. Rf7 Kd8 39. Rxh7
g5 40. Bd2 Rc5 41. Be3 Nf4+ 42. Bxf4 gxf4 43. Nf7+ Ke7 44. Ne5+ Kd6 45. Ng6 Rg5
46. Nxf4 1-0

[Event "17. OIBM Bad Wiessee"]
[Site "Bad Wiessee"]
[Date "2013.10.28"]
[Round "4.15"]
[White "Klek, Hanna Marie"]
[Black "Gutman, Lev"]
[Result "0-1"]
[WhiteElo "2283"]
[BlackElo "2441"]
[PlyCount "76"]
[EventDate "2013.??.??"]
[WhiteTeam "SC Erlangen 48/88 e.V."]
[BlackTeam "SV Lingen"]

1. e4 c5 2. Nf3 Nc6 3. d4 cxd4 4. Nxd4 Nf6 5. Nc3 d6 6. Bg5 Qb6 7. Be3 a6 8.
Nb3 Qc7 9. f3 e6 10. g4 b5 11. g5 Nd7 12. f4 Nb6 13. Qd2 Bb7 14. Qf2 Na4 15.
Nxa4 bxa4 16. Bb6 Qc8 17. Nd4 Nb8 18. Bd3 Nd7 19. Ba5 a3 20. bxa3 d5 21. e5
Bxa3 22. Rb1 Nc5 23. O-O g6 24. Bxg6 Ne4 25. Bxe4 dxe4 26. Bb4 Bxb4 27. Rxb4 e3
28. Qxe3 O-O 29. Rfb1 Bd5 30. a3 a5 31. Rb6 Qc4 32. R1b2 Rac8 33. Nb5 Ba8 34.
Qd4 Qe2 35. Qf2 Qd1+ 36. Qf1 Qg4+ 37. Kf2 Qxf4+ 38. Kg1 Qe3+ 0-1

[Event "17. OIBM Bad Wiessee"]
[Site "Bad Wiessee"]
[Date "2013.10.28"]
[Round "4.16"]
[White "Papenbrock, Volker"]
[Black "Hunt, Adam"]
[Result "0-1"]
[WhiteElo "2183"]
[BlackElo "2429"]
[PlyCount "52"]
[EventDate "2013.??.??"]
[WhiteTeam "SK Union Eimsbuettel eV"]
[BlackTeam "Woodbridge School"]

1. d4 Nf6 2. Nf3 g6 3. Bf4 Bg7 4. e3 d6 5. h3 O-O 6. Nbd2 Nfd7 7. c3 e5 8. Bg3
Nc6 9. dxe5 dxe5 10. Bc4 h6 11. Qc2 Kh8 12. Rd1 f5 13. Bh2 Qe7 14. O-O g5 15.
Kh1 Nb6 16. Bb3 Na5 17. Rfe1 Bd7 18. c4 Bc6 19. Qc3 Nxb3 20. Nxb3 Na4 21. Qc2
g4 22. Ng1 b6 23. f3 Qh4 24. hxg4 fxg4 25. Qg6 Nxb2 26. g3 Qf6 0-1